| 000 | 00643nam a2200193Ia 4500 | ||
|---|---|---|---|
| 008 | 160319s9999 xx 000 0 und d | ||
| 245 | _aSpongeBob goes prehistoric / | ||
| 245 | _cParamount Home Entertainment (Australasia) Pty., Ltd; Nickelodeon Movies. | ||
| 260 | _aAustralia : | ||
| 260 | _bParamount/Nickelodeon. | ||
| 260 | _cNA | ||
| 300 | _a1 videodisc (DVD) (ca. 119 min.) : | ||
| 300 | _bsound, colored ; | ||
| 300 | _c4 3/4 in. | ||
| 440 | _aSpongeBob SquarePants. | ||
| 650 | _aSpongeBob SquarePants (Fictitious character) -- | ||
| 650 | _aSpongeBob SquarePants (Fictitious character). | ||
| 650 | _xJuvenile drama. | ||
| 999 |
_c292683 _d292683 |
||